00496nam a2200157 i 450000100060000000300090000600500170001500700030003200800410003510000230007624501170009926000640021630000090028065000230028985200260031237757ES-MaACL20250415191428.0t|030221s1891 sp |||| | spa d1 aCadalso, Fernando.13aLa mujer en la historia b: conferencia dada en el Casino de Alcalá de Henares / cFernando Cadalso y Manzano. a[S.l. : bs.n., c1891] (eMadrid : fImp. de L. Góngora) a1 v.04aMujeres-xHistoria aES-MaACLjT-1290-F-1